[Event "BL2-West 2223"]
[Site "Germany"]
[Date "2023.03.19"]
[Round "10.3"]
[White "Orlov, Andrey"]
[Black "Fritsche, Lutz"]
[Result "0-1"]
[WhiteElo "2510"]
[BlackElo "2306"]
[PlyCount "118"]
[EventDate "2022.10.22"]
[EventType "team-tourn"]
[EventRounds "10"]
[EventCountry "GER"]
[SourceTitle "EXT 2024"]
[Source "ChessBase"]
[SourceDate "2023.10.10"]
[SourceVersion "1"]
[SourceVersionDate "2023.10.10"]
[SourceQuality "1"]
[WhiteTeam "Duesseldorf"]
[BlackTeam "Koblenz"]
[WhiteTeamCountry "GER"]
[BlackTeamCountry "GER"]

1. e4 g6 2. d4 Bg7 3. Nf3 d6 4. Bc4 Nf6 5. Qe2 0-0 6. 0-0 Bg4 7. Rd1 Nc6 8. Bb5 Nd7 9. c3 e5 10. d5 Ne7 11. h3 Bxf3 12. Qxf3 f5 13. Bxd7 Qxd7 14. c4 Kh8 15. Nc3 Ng8 16. Qe2 Qe7 17. Rd3 Qh4 18. Rg3 Bh6 19. Bxh6 Qxh6 20. Qd3 f4 21. Rf3 g5 22. Qd1 Qg6 23. Rd3 Nf6 24. f3 h5 25. Kf1 Rf7 26. Ke2 g4 27. hxg4 hxg4 28. Kd2 Rg8 29. Kc2 Rh7 30. Rd2 Rh2 31. Qf1 Qh5 32. Rad1 gxf3 33. gxf3 Rh3 34. c5 Qxf3 35. Qxf3 Rxf3 36. Rh1+ Kg7 37. Rd3 Rf2+ 38. Kb3 Kf7 39. c6 bxc6 40. dxc6 Rb8+ 41. Ka3 Rbxb2 42. Rxd6 Rb8 43. Rd3 Rb6 44. Rg1 Rxc6 45. Rg5 Rc2 46. Na4 R2c4 47. Kb3 Rxe4 48. Rd1 Re3+ 49. Kb4 Rd6 50. Rc1 Rd4+ 51. Ka5 Nd5 52. Nc5 Ra3+ 53. Kb5 Ne7 54. Nb3 c6+ 55. Kc5 Rd5+ 56. Kb4 Rxa2 57. Rh1 Rb5+ 58. Kc4 Ra4+ 59. Kc3 Ra3 0-1

[Event "BL2-West 1920"]
[Site "Germany"]
[Date "2019.12.08"]
[Round "4.2"]
[White "Fritsche, Lutz"]
[Black "Berelowitsch, Alexander"]
[Result "1-0"]
[WhiteElo "2321"]
[BlackElo "2523"]
[PlyCount "59"]
[EventDate "2019.09.19"]
[EventType "team-tourn"]
[EventRounds "9"]
[EventCountry "GER"]
[SourceTitle "EXT 2023"]
[Source "ChessBase"]
[SourceDate "2022.10.05"]
[SourceVersion "1"]
[SourceVersionDate "2022.10.05"]
[SourceQuality "1"]
[WhiteTeam "Koblenz SV"]
[BlackTeam "Duesseldorf"]
[WhiteTeamCountry "GER"]
[BlackTeamCountry "GER"]

1. e4 e6 2. d4 d5 3. Nc3 Bb4 4. Nge2 dxe4 5. a3 Be7 6. Nxe4 Nf6 7. N2c3 Nc6 8. Be3 Nxe4 9. Nxe4 0-0 10. Qd2 b6 11. h4 e5 12. d5 Nd4 13. Bc4 Bf5 14. Bxd4 exd4 15. Ng3 Bd7 16. 0-0-0 c5 17. dxc6 Bxc6 18. Nf5 Bf6 19. Qf4 Rc8 20. Bb3 Qc7 21. Rxd4 g6 22. Nh6+ Kg7 23. Rd6 Be7 24. Nxf7 Bxd6 25. Qd4+ Be5 26. Nxe5 Rf6 27. h5 Qd6 28. h6+ Kf8 29. Qc4 Bd5 30. Qxc8+ 1-0

[Event "WchT Seniors 50"]
[Site "Dresden"]
[Date "2018.07.15"]
[Round "9.6"]
[White "Fritsche, Lutz"]
[Black "Lewis, Andrew P"]
[Result "1/2-1/2"]
[WhiteElo "2303"]
[BlackElo "2298"]
[PlyCount "48"]
[EventDate "2018.07.07"]
[EventType "team-swiss"]
[EventRounds "9"]
[EventCountry "GER"]
[SourceTitle "CBM 185 Extra"]
[Source "ChessBase"]
[SourceDate "2018.07.29"]
[SourceVersion "1"]
[SourceVersionDate "2018.07.29"]
[SourceQuality "1"]
[WhiteTeam "Germany II"]
[BlackTeam "England II"]
[WhiteTeamCountry "GER"]
[BlackTeamCountry "ENG"]

1. e4 c5 2. Nc3 a6 3. Nf3 e6 4. g3 b5 5. Bg2 Bb7 6. 0-0 b4 7. Na4 Bxe4 8. Re1 d5 9. d3 Bxf3 10. Qxf3 Be7 11. c3 bxc3 12. bxc3 Nf6 13. Be3 Nbd7 14. c4 0-0 15. Qe2 Bd6 16. Rec1 Rc8 17. Rab1 Re8 18. Qc2 h6 19. Rb7 Ne5 20. cxd5 Nxd5 21. Bxc5 Bxc5 22. Nxc5 Rxc5 23. Qxc5 Nxd3 24. Qa3 Nxc1 1/2-1/2

[Event "WchT Seniors 50"]
[Site "Dresden"]
[Date "2018.07.10"]
[Round "4.3"]
[White "Enders, Peter"]
[Black "Fritsche, Lutz"]
[Result "1-0"]
[WhiteElo "2445"]
[BlackElo "2303"]
[PlyCount "57"]
[EventDate "2018.07.07"]
[EventType "team-swiss"]
[EventRounds "9"]
[EventCountry "GER"]
[SourceTitle "CBM 185 Extra"]
[Source "ChessBase"]
[SourceDate "2018.07.29"]
[SourceVersion "1"]
[SourceVersionDate "2018.07.29"]
[SourceQuality "1"]
[WhiteTeam "Thueringen"]
[BlackTeam "Germany II"]
[WhiteTeamCountry "GER"]
[BlackTeamCountry "GER"]

1. b3 e5 2. Bb2 Nc6 3. e3 Nf6 4. Nf3 e4 5. Nd4 Nxd4 6. Bxd4 Be7 7. d3 0-0 8. Nd2 d5 9. dxe4 dxe4 10. Be2 c5 11. Bb2 Qc7 12. a4 Rd8 13. Qc1 Qa5 14. c4 Bf5 15. Bc3 Qb6 16. Qb2 Rd7 17. 0-0-0 Rad8 18. h3 Qe6 19. g4 Bg6 20. Rdg1 h5 21. gxh5 Bxh5 22. Bxh5 Nxh5 23. Bxg7 Rxd2 24. Bc3+ Kh7 25. Bxd2 Rd3 26. Bc3 Bh4 27. Rd1 Qf5 28. Rxd3 exd3 29. Qd2 1-0

[Event "WchT Seniors 50"]
[Site "Dresden"]
[Date "2018.07.08"]
[Round "2.5"]
[White "Burchardt, Brigitte"]
[Black "Fritsche, Lutz"]
[Result "0-1"]
[WhiteElo "2195"]
[BlackElo "2303"]
[PlyCount "70"]
[EventDate "2018.07.07"]
[EventType "team-swiss"]
[EventRounds "9"]
[EventCountry "GER"]
[SourceTitle "CBM 185 Extra"]
[Source "ChessBase"]
[SourceDate "2018.07.29"]
[SourceVersion "1"]
[SourceVersionDate "2018.07.29"]
[SourceQuality "1"]
[WhiteTeam "Germany (Women)"]
[BlackTeam "Germany II"]
[WhiteTeamCountry "GER"]
[BlackTeamCountry "GER"]

1. e4 g6 2. d4 Bg7 3. Nc3 d6 4. Be3 a6 5. a4 b6 6. Bc4 Bb7 7. Nge2 Nf6 8. f3 d5 9. exd5 Nxd5 10. Nxd5 Bxd5 11. Bxd5 Qxd5 12. 0-0 Nc6 13. Qd3 0-0 14. Rfd1 Rfd8 15. c3 Ne5 16. Qc2 Nc4 17. Bf2 Bh6 18. Rd3 b5 19. Ng3 Qc6 20. b3 Nb6 21. a5 Nd5 22. Qb2 Nf4 23. Rdd1 e5 24. b4 Qc4 25. Qc2 Nd5 26. dxe5 Nxc3 27. Rxd8+ Rxd8 28. e6 fxe6 29. Bc5 Rd2 30. Qc1 Rxg2+ 31. Kxg2 Bxc1 32. Rxc1 Qd3 33. Rf1 Nd5 34. Re1 Nf4+ 35. Kf2 Qd2+ 0-1

[Event "BL2-West 1718"]
[Site "Germany"]
[Date "2018.04.15"]
[Round "9.4"]
[White "Hobusch, Jan"]
[Black "Fritsche, Lutz"]
[Result "1/2-1/2"]
[WhiteElo "2185"]
[BlackElo "2359"]
[PlyCount "93"]
[EventDate "2017.10.08"]
[EventType "team-tourn"]
[EventRounds "9"]
[EventCountry "GER"]
[SourceTitle "EXT 2019"]
[Source "ChessBase"]
[SourceDate "2018.10.10"]
[SourceVersion "1"]
[SourceVersionDate "2018.10.10"]
[SourceQuality "1"]
[WhiteTeam "Solingen"]
[BlackTeam "Koblenz"]
[WhiteTeamCountry "GER"]
[BlackTeamCountry "GER"]

1. d4 g6 2. Bf4 Bg7 3. e3 c5 4. c3 d5 5. Nf3 Nc6 6. Nbd2 Nf6 7. h3 0-0 8. Be2 Nd7 9. 0-0 e5 10. dxe5 Ndxe5 11. Nxe5 Nxe5 12. Nf3 Nc6 13. Qb3 c4 14. Qa3 Qb6 15. Rac1 Re8 16. b3 Bf8 17. Qb2 a5 18. Rc2 cxb3 19. axb3 Bg7 20. Nd4 Nxd4 21. cxd4 Bf5 22. Rd2 Rec8 23. Bd3 Bxd3 24. Rxd3 Bf8 25. Qa2 Qb4 26. Rdd1 Rc3 27. Rb1 Rac8 28. Rb2 b5 29. Kh2 Qa3 30. Qb1 Be7 31. Ra2 Qb4 32. Rb2 h5 33. g4 hxg4 34. hxg4 Bd6 35. Bxd6 Qxd6+ 36. Kg2 Kg7 37. Rh1 Qe6 38. Kg3 R8c6 39. Qf1 Qd6+ 40. Kf3 Qf6+ 41. Kg2 Rc2 42. Rxc2 Rxc2 43. Kg3 Rb2 44. Rh2 Qd6+ 45. Kg2 Qf6 46. Kg3 Qd6+ 47. Kg2 1/2-1/2

[Event "Oberliga Sued W 1516"]
[Site "Germany"]
[Date "2016.01.17"]
[Round "5.3"]
[White "Fritsche, Lutz"]
[Black "Schulz, Klaus Juergen"]
[Result "1-0"]
[WhiteElo "2304"]
[BlackElo "2353"]
[PlyCount "55"]
[EventDate "2015.09.20"]
[EventType "team-tourn"]
[EventRounds "9"]
[EventCountry "GER"]
[SourceTitle "CBM 170 Extra"]
[Source "ChessBase"]
[SourceDate "2016.02.25"]
[SourceVersion "1"]
[SourceVersionDate "2016.02.25"]
[SourceQuality "1"]
[WhiteTeam "Koblenz"]
[BlackTeam "Heimbach Weis/Neuwied"]
[WhiteTeamCountry "GER"]
[BlackTeamCountry "GER"]

1. e4 c5 2. Nc3 Nc6 3. g3 g6 4. d3 Bg7 5. Be3 d6 6. Bg2 e5 7. f4 Nge7 8. Nf3 Nd4 9. 0-0 Bg4 10. Qd2 Qd7 11. fxe5 Bxf3 12. Bxf3 dxe5 13. Bg2 0-0 14. Rf2 f6 15. Raf1 h5 16. h4 Kh7 17. Kh2 b6 18. Bh3 Qd6 19. Qd1 Rad8 20. Kg1 Bh6 21. Bxh6 Kxh6 22. g4 hxg4 23. Qxg4 f5 24. Qg5+ Kh7 25. exf5 gxf5 26. Rg2 Qf6 27. Ne4 Qf7 28. Qg3 1-0

[Event "Oberliga Sued W 1415"]
[Site "Germany"]
[Date "2014.11.09"]
[Round "3.2"]
[White "Fritsche, Lutz"]
[Black "Klein, Joachim"]
[Result "1/2-1/2"]
[WhiteElo "2335"]
[BlackElo "2225"]
[PlyCount "100"]
[EventDate "2014.09.21"]
[EventType "team-tourn"]
[EventRounds "9"]
[EventCountry "GER"]
[SourceTitle "EXT 2019"]
[Source "ChessBase"]
[SourceDate "2018.10.10"]
[SourceVersion "1"]
[SourceVersionDate "2018.10.10"]
[SourceQuality "1"]
[WhiteTeam "Koblenz SV"]
[BlackTeam "Illingen Turm"]
[WhiteTeamCountry "GER"]
[BlackTeamCountry "GER"]

1. e4 d6 2. d4 Nf6 3. Nc3 g6 4. f4 Bg7 5. Nf3 0-0 6. Bd3 Na6 7. 0-0 c5 8. d5 Bg4 9. Bc4 Nc7 10. a4 a6 11. h3 Bxf3 12. Qxf3 Nd7 13. Qd3 b6 14. Be3 Qc8 15. Ra3 Qb7 16. Rb3 Rfb8 17. Bf2 Qc8 18. Re1 Qf8 19. Bg3 Bxc3 20. bxc3 Nf6 21. e5 Nh5 22. Bh2 Qh6 23. Rf1 Ng7 24. Rfb1 b5 25. Qe4 Qh4 26. Bf1 Nf5 27. g4 Ng7 28. Kg2 f5 29. exf6 Qxf6 30. c4 b4 31. Re3 Re8 32. Bd3 e6 33. dxe6 Rxe6 34. Qf3 Rxe3 35. Qxe3 Re8 36. Qf3 Qc3 37. Bg3 Nce6 38. Re1 Nxf4+ 39. Qxf4 Rxe1 40. Bxe1 Qxe1 41. Qxd6 Ne6 42. Qxa6 Qe3 43. Qa8+ Kg7 44. Qe4 Nf4+ 45. Kf1 Qxh3+ 46. Ke1 Qh4+ 47. Kd2 Qf6 48. a5 Kh6 49. Qe3 Qc3+ 50. Kd1 Qa1+ 1/2-1/2

[Event "BL2-West 1314"]
[Site "Germany"]
[Date "2014.02.10"]
[Round "6.1"]
[White "Fritsche, Lutz"]
[Black "Dervishi, Erald"]
[Result "0-1"]
[WhiteElo "2332"]
[BlackElo "2566"]
[PlyCount "58"]
[EventDate "2013.10.13"]
[EventType "team-tourn"]
[EventRounds "9"]
[EventCountry "GER"]
[SourceTitle "EXT 2015"]
[Source "ChessBase"]
[SourceDate "2014.11.20"]
[SourceVersion "1"]
[SourceVersionDate "2014.11.20"]
[SourceQuality "1"]
[WhiteTeam "Koblenz"]
[BlackTeam "Godesberg"]
[WhiteTeamCountry "GER"]
[BlackTeamCountry "GER"]

1. e4 e5 2. Nf3 Nc6 3. d4 exd4 4. Nxd4 Nf6 5. Nc3 Bb4 6. Nxc6 bxc6 7. Bd3 d5 8. exd5 cxd5 9. 0-0 0-0 10. Bg5 c6 11. Ne2 Bd6 12. Nd4 c5 13. Nf5 Bxf5 14. Bxf5 Be5 15. Qf3 h6 16. Bh4 Rb8 17. Rab1 Rb4 18. Bg3 Bxg3 19. hxg3 Qa5 20. b3 Re8 21. c3 Rbb8 22. Rb2 Re5 23. b4 Qa3 24. Rfb1 c4 25. Rd2 Rbe8 26. Rf1 Re1 27. Bb1 Qc1 28. Rd1 Rxd1 29. Qxd1 Qxc3 0-1

[Event "BL2-West 1314"]
[Site "Germany"]
[Date "2013.11.24"]
[Round "3.2"]
[White "Orlov, Andrey"]
[Black "Fritsche, Lutz"]
[Result "1/2-1/2"]
[WhiteElo "2511"]
[BlackElo "2332"]
[PlyCount "56"]
[EventDate "2013.10.13"]
[EventType "team-tourn"]
[EventRounds "9"]
[EventCountry "GER"]
[SourceTitle "EXT 2015"]
[Source "ChessBase"]
[SourceDate "2014.11.20"]
[SourceVersion "1"]
[SourceVersionDate "2014.11.20"]
[SourceQuality "1"]
[WhiteTeam "Bochum 31"]
[BlackTeam "Koblenz"]
[WhiteTeamCountry "GER"]
[BlackTeamCountry "GER"]

1. e4 c5 2. Nf3 e6 3. Nc3 Nc6 4. Bb5 Nge7 5. 0-0 Qb6 6. a4 a6 7. Bc4 g6 8. d3 Bg7 9. Bd2 0-0 10. Qc1 Nd4 11. Nxd4 cxd4 12. Ne2 d6 13. a5 Qc7 14. Bh6 Nc6 15. Bxg7 Kxg7 16. b4 Qe7 17. Qb2 d5 18. b5 dxc4 19. bxc6 e5 20. cxb7 Bxb7 21. f4 f6 22. Qb6 Rfc8 23. fxe5 fxe5 24. Rab1 Bc6 25. Nxd4 exd4 26. Qxd4+ Kg8 27. Qxc4+ Kh8 28. Qd4+ Kg8 1/2-1/2

[Event "BL2-West 1213"]
[Site "Germany"]
[Date "2013.04.14"]
[Round "9.2"]
[White "Drabke, Lorenz Maximilian"]
[Black "Fritsche, Lutz"]
[Result "1-0"]
[WhiteElo "2411"]
[BlackElo "2319"]
[PlyCount "41"]
[EventDate "2012.10.14"]
[EventType "team-tourn"]
[EventRounds "9"]
[EventCountry "GER"]
[SourceTitle "CBM 154 Extra"]
[Source "ChessBase"]
[SourceDate "2013.06.25"]
[SourceVersion "2"]
[SourceVersionDate "2013.06.25"]
[SourceQuality "1"]
[WhiteTeam "Solingen SG II"]
[BlackTeam "Koblenz"]
[WhiteTeamCountry "GER"]
[BlackTeamCountry "GER"]

1. e4 c5 2. Nc3 e6 3. g3 Nc6 4. Bg2 Nf6 5. Nge2 d5 6. exd5 exd5 7. d3 h6 8. 0-0 Be7 9. Nf4 Bg4 10. Qe1 Nb4 11. h3 Bc8 12. Qe2 d4 13. Ne4 0-0 14. Re1 Nc6 15. Nxf6+ Bxf6 16. Qh5 Be7 17. Bd5 Bd7 18. Ng6 Re8 19. Bxf7+ Kxf7 20. Nxe7+ Kf8 21. Qf3+ 1-0